000 00730nam a2200253Ia 4500
003 OSt
005 20220918110208.0
006 a|||||r|||| 00| 0
007 ta
008 220915b |||||||| |||| 00| 0 eng d
024 _a54855
037 _cReference Collections
040 _aARTS
_cARTS
_beng
041 _2eng
_aeng
082 _aP111:4k, 155M5 (RR)
100 _aMolesworth J T
_96317
245 0 _aDictionary of English and Marathi
250 _a2nd
260 _aNew Delhi
_bAsian Educational Services
_c1985
650 _aLINGUISTICS
700 _a Tev T Candy
_96318
942 _hP111:4k, 155M5 (RR)
_cREF
999 _c111543
_d111543